书目信息 |
| 题名: |
国际标准交谊舞初级教程
|
|
| 作者: | 刘峰 , 潘原 编著 | |
| 分册: | ||
| 出版信息: | 西安 陕西师范大学出版社 1991.9 |
|
| 页数: | 209页 | |
| 开本: | 26cm | |
| 丛书名: | ||
| 单 册: | ||
| 中图分类: | J732.8 | |
| 科图分类: | ||
| 主题词: | 舞蹈艺术--世界 , 舞蹈艺术--各国 , 舞剧--艺术--世界 , 舞剧--各国--艺术 | |
| 电子资源: | ||
| ISBN: | ||
| 000 | 00716nam0 2200241 45 | |
| 001 | 0312221749 | |
| 005 | 20031222171200.8 | |
| 010 | @dCNY8.85 | |
| 100 | @a20031222d1991 km y0chiy0120 ea | |
| 101 | @achi | |
| 105 | @a z 000yy | |
| 200 | 1 | @a国际标准交谊舞初级教程@AGuo Ji Biao Zhun Jiao Yi Wu Chu Ji Jiao Cheng@f刘峰,潘原编著@FLiu Feng,Pan Yuan Bian Zhu |
| 210 | @a西安@c陕西师范大学出版社@d1991.9 | |
| 215 | @a209页@d26cm | |
| 606 | 0 | @a舞蹈艺术@x世界 |
| 606 | 0 | @a舞蹈艺术@y各国 |
| 606 | 0 | @a舞剧@x艺术@x世界 |
| 606 | 0 | @a舞剧@y各国@x艺术 |
| 690 | @aJ732.8@v3 | |
| 701 | 0 | @a刘峰@4编著 |
| 701 | 0 | @a潘原@4编著 |
| 801 | @aCN@bTSTCL@c20031222 | |
| 905 | @a213230@dJ732.8@e20@b246319-321@f3@b246323@f1 | |
| 国际标准交谊舞初级教程/刘峰,潘原编著.-西安:陕西师范大学出版社,1991.9 |
| 209页;26cm |
| ISBN :CNY8.85 |
| ● |
| 相关链接 |
|
|
|
|
正题名:国际标准交谊舞初级教程
索取号:J732.8/20
 
预约/预借
| 序号 | 登录号 | 条形码 | 馆藏地/架位号 | 状态 | 备注 |
| 1 | 0246319 | 001224357 | 第一借阅区/ [索取号:J732.8/20] | 在馆 | |
| 2 | 0246320 | 001224311 | 第一借阅区/ [索取号:J732.8/20] | 在馆 | |
| 3 | 0246321 | 001224320 | 第一借阅区/ [索取号:J732.8/20] | 在馆 | |
| 4 | 0246323 | 001224348 | 第一样本阅览室/ [索取号:J732.8/20] | 在馆 |